Score 0/32 Timer 03:00
0 Plays Today
Hint Four-letter Word % Correct
Mixture of black and whiteGRAY
92%
Diploma recipientGRAD
91%
Foot bottomSOLE
85.4%
A sandwich shopDELI
84.9%
Going it aloneSOLO
84.9%
Framework of spaced linesGRID
84.8%
Actor's partROLE
84.4%
*The month of summer solstice*JUNE
84.3%
To invoke a deityPRAY
84.2%
Very dry (as in a desert)ARID
83.9%
Grain storage buildingSILO
82.3%
*Tractor-trailer rig*SEMI
80.5%
Greek god of warARES
78.8%
Sediment deposited by waterSILT
78%
*World War II powers opposed to the Allies*AXIS
77.3%
Prefix meaning halfDEMI
76.5%
Hint Four-letter Word % Correct
Evens the scoreTIES
76.3%
Implements for choppingAXES
75.8%
'Very' in FrenchTRES
74.4%
*Possible end for a pinball game*TILT
74.2%
Small metal containersTINS
73.6%
Abbrev. for shoulder muscleDELT
73.3%
Song for solo voice with accompanimentARIA
71.9%
PigmentTINT
70.9%
To repeatedly hurl objectsPELT
67.8%
Loose outer garmentROBE
67.5%
Type of mossPEAT
66.5%
Austin _____ State University, TNPEAY
62.8%
Ancient alphabetic characterRUNE
61.9%
Country bumpkinRUBE
57.1%
Capital of SamoaAPIA
25.8%
Bull-deity in Egyptian mythologyAPIS
24.6%

Today's Daily Dose

Remove Ads.
Support Sporcle.
Get the best of Sporcle when you Go Orange. This ad-free experience offers more features, more stats, and more fun while also helping to support Sporcle. Thank you for becoming a member.

You're not logged in!

Compare scores with friends on all Sporcle quizzes.
OR
Log In

Show Comments

Extras

Top Quizzes Today


Score Distribution

Your Account Isn't Verified!

In order to create a playlist on Sporcle, you need to verify the email address you used during registration. Go to your Sporcle Settings to finish the process.

Report this User

Report this user for behavior that violates our Community Guidelines.

Details: